[Event "BL 1819 SF Deizisau - SG Solingen"]
[Site "?"]
[Date "2019.04.07"]
[Round "15.6"]
[White "Donchenko, Alexander"]
[Black "Andersen, Mads"]
[Result "1/2-1/2"]
[WhiteElo "2584"]
[BlackElo "2595"]
[PlyCount "68"]
[EventDate "2019.??.??"]

1. e4 c5 2. Nf3 d6 3. d4 cxd4 4. Nxd4 Nf6 5. Nc3 a6 6. Be2 e6 7. f4 Be7 8. Be3
O-O 9. g4 d5 10. e5 Nfd7 11. h4 Nc6 12. g5 Nc5 13. Qd2 Bd7 14. a3 Rc8 15. h5
Qc7 16. Bd3 b5 17. Nxc6 Bxc6 18. Bd4 Ne4 19. Bxe4 dxe4 20. Rh3 Bb7 21. Qe3 Qc6
22. h6 g6 23. Rh2 a5 24. a4 Bb4 25. axb5 Qxb5 26. Kf2 Qc6 27. Kg3 Rfd8 28. Na4
Qb5 29. c3 Be7 30. Qe2 Qb3 31. Qd1 Qb5 32. Qf1 Qb3 33. Qd1 Qb5 34. Qf1 Qb3
1/2-1/2

[Event "BL 1819 USV TU Dresden - SG Turm Kiel"]
[Site "?"]
[Date "2019.04.07"]
[Round "15.1"]
[White "Salgado Lopez, Ivan"]
[Black "Nisipeanu, Liviu-Dieter"]
[Result "0-1"]
[WhiteElo "2601"]
[BlackElo "2680"]
[PlyCount "82"]
[EventDate "2019.??.??"]

1. e4 e6 2. d4 d5 3. Nd2 c5 4. exd5 Qxd5 5. dxc5 Nf6 6. Ngf3 Qxc5 7. Bd3 Nbd7
8. Qe2 Qc7 9. Nb3 Be7 10. Bg5 O-O 11. O-O-O a6 12. Kb1 b5 13. h4 Bb7 14. h5 h6
15. Bh4 Rfe8 16. Bg3 Qb6 17. Ne5 Rad8 18. Rhe1 Nxe5 19. Bxe5 Nd7 20. Bd4 Qc7
21. c3 Bf6 22. Bc2 Bxd4 23. Nxd4 Nf6 24. g3 Rd5 25. f4 e5 26. Qd3 Kf8 27. Bb3
exd4 28. Rxe8+ Kxe8 29. Bxd5 Bxd5 30. Re1+ Kf8 31. Qxd4 Qc4 32. Qxc4 Bxc4 33.
b3 Be6 34. Kb2 Nxh5 35. Re3 Nf6 36. a4 bxa4 37. bxa4 Nd5 38. Re5 Nb6 39. Kc2
Bd7 40. a5 Nc4 41. Rc5 Bb5 0-1

[Event "BL 1819 USV TU Dresden - SG Turm Kiel"]
[Site "?"]
[Date "2019.04.07"]
[Round "15.2"]
[White "Bartel, Mateusz"]
[Black "Dziuba, Marcin"]
[Result "1/2-1/2"]
[WhiteElo "2593"]
[BlackElo "2559"]
[PlyCount "63"]
[EventDate "2019.??.??"]

1. e4 c5 2. Nf3 d6 3. d4 cxd4 4. Nxd4 Nf6 5. Nc3 a6 6. Bg5 e6 7. Qf3 Be7 8. Be2
Bd7 9. O-O-O Nc6 10. Qg3 Qa5 11. h4 O-O-O 12. Nb3 Qc7 13. Bf4 Ne5 14. Rd4 Bc6
15. Rhd1 Ng6 16. Be3 h5 17. Bg5 d5 18. Qxc7+ Kxc7 19. exd5 Nxd5 20. Nxd5+ Bxd5
21. Bxe7 Nxe7 22. g3 g6 23. c4 Bc6 24. Rxd8 Rxd8 25. Rxd8 Kxd8 26. Kd2 Kc7 27.
Nc5 a5 28. a3 e5 29. b4 axb4 30. axb4 b6 31. Nd3 Kd6 32. Bd1 1/2-1/2

[Event "BL 1819 USV TU Dresden - SG Turm Kiel"]
[Site "?"]
[Date "2019.04.07"]
[Round "15.3"]
[White "Khenkin, Igor"]
[Black "Neef, Maximilian"]
[Result "1/2-1/2"]
[WhiteElo "2548"]
[BlackElo "2478"]
[PlyCount "41"]
[EventDate "2019.??.??"]

1. d4 Nf6 2. c4 g6 3. Nc3 Bg7 4. e4 d6 5. Nf3 O-O 6. Be2 e5 7. O-O Nc6 8. dxe5
Nxe5 9. Nxe5 dxe5 10. Be3 c6 11. b4 Be6 12. Qc2 Qc7 13. Rfd1 Rfe8 14. h3 Nd7
15. c5 Bf8 16. Na4 Red8 17. Bg5 Rdc8 18. Bc4 Bxc4 19. Qxc4 b5 20. cxb6 Nxb6 21.
Qb3 1/2-1/2

[Event "BL 1819 USV TU Dresden - SG Turm Kiel"]
[Site "?"]
[Date "2019.04.07"]
[Round "15.4"]
[White "Boensch, Uwe"]
[Black "Jakubiec, Artur"]
[Result "1/2-1/2"]
[WhiteElo "2525"]
[BlackElo "2474"]
[PlyCount "27"]
[EventDate "2019.??.??"]

1. d4 f5 2. Nf3 Nf6 3. g3 g6 4. Bg2 Bg7 5. O-O O-O 6. c4 d6 7. Nc3 e6 8. Qc2
Nc6 9. d5 Nb4 10. Qb3 Na6 11. Qc2 Nb4 12. Qb3 Na6 13. Qc2 Nb8 14. Qd1 1/2-1/2

[Event "BL 1819 USV TU Dresden - SG Turm Kiel"]
[Site "?"]
[Date "2019.04.07"]
[Round "15.6"]
[White "Tischbierek, Raj"]
[Black "Pakleza, Zbigniew"]
[Result "1/2-1/2"]
[WhiteElo "2435"]
[BlackElo "2498"]
[PlyCount "40"]
[EventDate "2019.??.??"]

1. e4 e6 2. d3 d5 3. Nd2 c5 4. Ngf3 Nf6 5. g3 Nc6 6. Bg2 Be7 7. O-O O-O 8. Re1
Re8 9. e5 Nd7 10. Nf1 Nf8 11. h4 h6 12. h5 Nh7 13. c3 Rb8 14. a3 b5 15. d4 cxd4
16. Nxd4 Nxd4 17. Qxd4 a5 18. b4 Bd7 19. Be3 Qc7 20. Nd2 Rec8 1/2-1/2

[Event "BL 1819 USV TU Dresden - SG Turm Kiel"]
[Site "?"]
[Date "2019.04.07"]
[Round "15.8"]
[White "Moehn, Hans"]
[Black "Bromann, Thorbjorn"]
[Result "0-1"]
[WhiteElo "2374"]
[BlackElo "2387"]
[PlyCount "134"]
[EventDate "2019.??.??"]

1. b3 e5 2. Bb2 Nc6 3. e3 Nf6 4. c4 g6 5. Nf3 d6 6. d3 Bg7 7. Nbd2 O-O 8. a3 a5
9. Be2 h6 10. Qc2 Nh7 11. Bc3 f5 12. h3 Qe7 13. Rb1 Be6 14. d4 e4 15. d5 exf3
16. Nxf3 Bd7 17. dxc6 Bxc6 18. Bxg7 Qxg7 19. Qb2 Qe7 20. O-O Ng5 21. Rfd1 f4
22. exf4 Nxf3+ 23. Bxf3 Bxf3 24. gxf3 Rxf4 25. Kh2 Rxf3 26. Rg1 Kh7 27. Rbe1
Qf7 28. Re2 Rf8 29. Rg2 Qf6 30. Qxf6 R8xf6 31. Re7+ Rf7 32. Rxf7+ Rxf7 33. Kg3
Rf5 34. f4 g5 35. Re2 gxf4+ 36. Kf3 Re5 37. Rb2 Re3+ 38. Kxf4 Rxh3 39. Re2 Rxb3
40. Re7+ Kg6 41. Rxc7 Rxa3 42. Rd7 Ra4 43. Rxd6+ Kh5 44. Rd5+ Kh4 45. Rc5 h5
46. Kf3 b6 47. Rc6 Rb4 48. c5 bxc5 49. Rxc5 a4 50. Ra5 Rb3+ 51. Kf4 Rg3 52. Rc5
a3 53. Ra5 Rb3 54. Ra4 Rc3 55. Ra5 Rd3 56. Ke4 Rb3 57. Kf4 Rc3 58. Ra4 Kh3 59.
Kg5 Kg3 60. Kxh5 Kf2 61. Kg4 Ke3 62. Kf5 Kd3 63. Ke5 Kc2 64. Kd4 Rh3 65. Ra8
Kb2 66. Rg8 a2 67. Rg2+ Kb3 0-1

[Event "BL 1819 SF Berlin - Hamburger SK"]
[Site "?"]
[Date "2019.04.07"]
[Round "15.1"]
[White "Svane, Rasmus"]
[Black "Piorun, Kacper"]
[Result "1/2-1/2"]
[WhiteElo "2605"]
[BlackElo "2660"]
[PlyCount "64"]
[EventDate "2019.??.??"]

1. d4 Nf6 2. c4 e6 3. Nf3 d5 4. g3 Be7 5. Bg2 O-O 6. O-O Nbd7 7. Qc2 c6 8. b3
b6 9. Bb2 Bb7 10. Nc3 Rc8 11. e4 Ba6 12. e5 Ne8 13. Rfd1 dxc4 14. Ne4 cxb3 15.
axb3 Nb8 16. Bc1 h6 17. Bf4 Rc7 18. g4 g5 19. Be3 f5 20. exf6 Bxf6 21. h4 Rg7
22. Ne5 Qc7 23. hxg5 Bxg5 24. Nxg5 hxg5 25. Qd2 Qd8 26. f4 gxf4 27. Bxf4 Qh4
28. Bh6 Be2 29. Bxg7 Qf2+ 30. Kh1 Qh4+ 31. Kg1 Qf2+ 32. Kh1 Qh4+ 1/2-1/2

[Event "BL 1819 SF Berlin - Hamburger SK"]
[Site "?"]
[Date "2019.04.07"]
[Round "15.3"]
[White "Hansen, Sune Berg"]
[Black "Tomczak, Jacek"]
[Result "0-1"]
[WhiteElo "2590"]
[BlackElo "2628"]
[PlyCount "66"]
[EventDate "2019.??.??"]

1. Nf3 Nf6 2. g3 b5 3. c3 e6 4. d4 Bb7 5. Bg5 c5 6. Bg2 cxd4 7. Qxd4 Be7 8. O-O
O-O 9. Nbd2 h6 10. Bxf6 Bxf6 11. Qg4 Qb6 12. Ne1 Bxg2 13. Nxg2 Nc6 14. Rad1 d5
15. Nf4 Ne5 16. Qh3 Bg5 17. Nd3 Nxd3 18. exd3 b4 19. Nf3 Bf6 20. cxb4 Bxb2 21.
Qg4 Rab8 22. d4 Qxb4 23. Ne5 Qa4 24. Rd3 Rb7 25. Re1 Ba3 26. Qh5 Bd6 27. Ng4
Qc2 28. Rf3 Qd2 29. Ree3 Rb1+ 30. Kg2 Qd1 31. Nf6+ gxf6 32. Kh3 Kg7 33. Qg4+
Kh7 0-1

[Event "BL 1819 SF Berlin - Hamburger SK"]
[Site "?"]
[Date "2019.04.07"]
[Round "15.8"]
[White "Schmidek, Emil"]
[Black "Sebastian, Dirk"]
[Result "0-1"]
[WhiteElo "2393"]
[BlackElo "2455"]
[PlyCount "72"]
[EventDate "2019.??.??"]

1. e4 e5 2. Nf3 Nc6 3. Bb5 a6 4. Ba4 d6 5. c3 Bd7 6. O-O g6 7. d4 Bg7 8. d5
Nce7 9. Bxd7+ Qxd7 10. c4 h6 11. Nc3 f5 12. Nd2 Nf6 13. b4 O-O 14. f3 c6 15.
Nb3 b5 16. c5 Rfd8 17. Be3 fxe4 18. fxe4 cxd5 19. exd5 Nf5 20. Bf2 Qf7 21. c6
e4 22. Bb6 Rdb8 23. Bd4 Re8 24. Rc1 h5 25. Bxf6 Qxf6 26. Qe2 Bh6 27. Nxe4 Qh4
28. Rce1 Be3+ 29. Nf2 Bf4 30. Qxe8+ Rxe8 31. Rxe8+ Kf7 32. Nh3 Bxh2+ 33. Kxh2
Qg3+ 34. Kh1 Kxe8 35. Nf4 Ne3 36. Rc1 Ng4 0-1

[Event "BL 1819 SV 1920 Hofheim - MSA Zugzwang"]
[Site "?"]
[Date "2019.04.07"]
[Round "15.4"]
[White "Ginsburg, Gennadi"]
[Black "Zysk, Robert"]
[Result "1/2-1/2"]
[WhiteElo "2430"]
[BlackElo "2404"]
[PlyCount "119"]
[EventDate "2019.??.??"]

1. e4 g6 2. d4 Bg7 3. Nc3 d6 4. h3 a6 5. a4 b6 6. Nf3 Bb7 7. Bc4 e6 8. Bg5 Ne7
9. Qd2 h6 10. Bf4 Nd7 11. O-O Nf6 12. Rfe1 g5 13. Bh2 g4 14. hxg4 Nxg4 15. Nd1
Ng6 16. d5 e5 17. Ne3 Nxe3 18. Qxe3 h5 19. a5 b5 20. Bf1 Bh6 21. Qb3 Bc8 22. c4
bxc4 23. Qxc4 O-O 24. Ra3 f6 25. Re2 Rf7 26. Rc2 Rg7 27. Rb3 Bg4 28. Rcc3 Bf4
29. Rb7 Bxf3 30. Rxf3 Qc8 31. Qc6 Rb8 32. Rxb8 Qxb8 33. b3 Qb4 34. Bxf4 Nxf4
35. Rxf4 exf4 36. Qe8+ Kh7 37. e5 Qe4 38. Qxh5+ Kg8 39. Qe8+ Kh7 40. Qh5+ Kg8
41. exf6 Rg6 42. f7+ Kxf7 43. Qh7+ Kf6 44. Qxc7 Qxd5 45. Qd8+ Ke5 46. Qe8+ Qe6
47. Qxe6+ Rxe6 48. Bxa6 Kd4 49. Bb7 Kc5 50. a6 Kb6 51. b4 Re5 52. g4 fxg3 53.
fxg3 d5 54. Kf2 d4 55. g4 d3 56. b5 d2 57. Bf3 Rxb5 58. Ke2 Rb3 59. Bb7 Rg3 60.
Kxd2 1/2-1/2

[Event "BL 1819 SV 1920 Hofheim - MSA Zugzwang"]
[Site "?"]
[Date "2019.04.07"]
[Round "15.6"]
[White "Lobzhanidze, Davit"]
[Black "Gerigk, Erasmus"]
[Result "1/2-1/2"]
[WhiteElo "2424"]
[BlackElo "2341"]
[PlyCount "145"]
[EventDate "2019.??.??"]

1. e4 c5 2. Nf3 Nc6 3. Nc3 e5 4. Bc4 Be7 5. d3 d6 6. Nd2 Bg5 7. h4 Bxd2+ 8.
Bxd2 Nf6 9. Bg5 h6 10. Bxf6 Qxf6 11. Nd5 Qd8 12. Ne3 Be6 13. Bxe6 fxe6 14. Qh5+
Kd7 15. Qf7+ Qe7 16. Qxe7+ Kxe7 17. h5 Rhf8 18. Rh3 Rf4 19. f3 Rf7 20. a4 Rd8
21. O-O-O Kf8 22. Re1 Rdd7 23. Ng4 Rd8 24. Rhh1 Ke7 25. c3 Rc8 26. Kc2 Rd8 27.
Rh3 Rc8 28. Rhh1 Rd8 29. Rhf1 Rdf8 30. Rf2 Nb8 31. Rd2 Rc8 32. Ne3 Rf4 33. Rh1
Rf7 34. Kb1 Nc6 35. Re1 Rf4 36. Ng4 Rcf8 37. Kc2 Kd7 38. Kb1 Ke7 39. Rde2 Kd7
40. Rd1 Ke7 41. Kc2 Kd7 42. Rh1 Ke7 43. Ne3 R4f7 44. Rf2 Nb8 45. Kd2 Nd7 46.
Ke2 Rb8 47. Ra1 Nf6 48. Rh1 b5 49. axb5 Rxb5 50. Kd1 Rf8 51. Kc1 Rfb8 52. g3 d5
53. exd5 Nxd5 54. Nd1 Nb6 55. Rh4 Ra5 56. Re4 Ra1+ 57. Kc2 Nd7 58. Ne3 Rh1 59.
g4 Rf8 60. Kd2 Rf4 61. Ng2 Rxe4 62. dxe4 c4 63. Ne3 Nb6 64. Kc2 Re1 65. Kd2 Rh1
66. Kc2 Re1 67. Nd1 a5 68. Kd2 Rg1 69. Ke2 Na4 70. Rf1 Rg2+ 71. Rf2 Rg1 72. Rf1
Rg2+ 73. Rf2 1/2-1/2

[Event "BL 1819 SV 1920 Hofheim - MSA Zugzwang"]
[Site "?"]
[Date "2019.04.07"]
[Round "15.8"]
[White "Margolin, Boris"]
[Black "Lammers, Markus"]
[Result "1/2-1/2"]
[WhiteElo "2402"]
[BlackElo "2318"]
[PlyCount "146"]
[EventDate "2019.??.??"]

1. e4 e5 2. Nf3 Nf6 3. Nc3 Nc6 4. Bb5 Bd6 5. O-O O-O 6. a3 Re8 7. d3 Bf8 8. Bc4
h6 9. Re1 d6 10. h3 Ne7 11. d4 Ng6 12. Bb3 c6 13. Be3 Qc7 14. d5 Nh7 15. Ne2
Nf6 16. Nc3 Ne7 17. Rc1 b5 18. Nxe5 dxe5 19. d6 Qd8 20. dxe7 Qxe7 21. Qf3 Be6
22. Bxe6 Qxe6 23. Red1 a5 24. Ne2 a4 25. Ng3 b4 26. axb4 Bxb4 27. Rd3 Red8 28.
Rcd1 Rxd3 29. Rxd3 Kh7 30. Qd1 Be7 31. Bd2 Rb8 32. Bc3 Bc5 33. Rd8 Rb7 34. Qd3
h5 35. Qe2 g6 36. Qa6 h4 37. Nh1 Ra7 38. Qc8 Qxc8 39. Rxc8 Nxe4 40. Rxc6 f6 41.
Kf1 Rb7 42. f3 Nxc3 43. Rxc5 Nd1 44. Nf2 Ne3+ 45. Ke2 Nxg2 46. Nd3 g5 47. Ra5
Nf4+ 48. Nxf4 gxf4 49. Rxa4 Rxb2 50. Kd3 Kg6 51. Ra1 Kf5 52. Rg1 Ra2 53. Rg4
Ra3+ 54. Ke2 Rc3 55. Rxh4 Rxc2+ 56. Kf1 e4 57. fxe4+ Kxe4 58. Rh6 Kf3 59. Kg1
Rc1+ 60. Kh2 Rc2+ 61. Kg1 f5 62. Ra6 Rc1+ 63. Kh2 Rc2+ 64. Kg1 Rc1+ 65. Kh2 Kf2
66. Ra5 Re1 67. Rxf5 f3 68. h4 Re4 69. Kh3 Rd4 70. h5 Re4 71. h6 Re1 72. h7
Rh1+ 73. Kg4 Rxh7 1/2-1/2